000 01137cam a22003491 4500
001 9830881
003 DO-SdBPM
005 20260527140640.0
007 ta
008 720626s1999 sp 000 1 spa
010 _a 60011093
020 _a8481302112
040 _aDO-SdBPM
_cspa
_dBPMSU
_erda
041 1 _aspa
042 _aformato marc 21
082 0 4 _a843.91
_bD952m 1999
_222
100 1 _aDuras, Marguerite.
_d1914-1996.
_eautor
_4aut.
245 1 0 _aModerato cantabile /
_c Marguerite Duras ; traducción de Paula Paula Brines; prólogo Chistina Peri Rossi
264 _aMadrid :
_bMillenium,
_c1999
300 _a92 páginas ;
_c21 cm.
336 _atexto
_btxt
_2rdacontent
337 _asin mediación
_bn
_2rdacarrier
338 _avolumen
_bnc
_2rdacarrier
490 0 _aLas 100 joyas del milenio ;
_v85
590 _aInventariado, 2026/VM
600 _aDuras, Marguerite,
_d1914-1996
_xCrítica e interpretación.
650 4 _aNovela francesa.
700 1 _aBrines, Paula,
_etraducción
700 1 _aPeri Rossi,
_eprólogo
910 _aVMateo V. Control de calidad. BPMSU
942 _2ddc
_cBK
999 _c7528
_d7528